Stray Kidz Members - Statistics

General Stats
  • This quiz has been taken 49 times
  • The average score is 8 of 8
Answer Stats
Mitglieder % Correct
Bang Chan
100%
Felix
100%
Hyunjin
97%
Han
95%
I.N
95%
Lee Know
95%
Seungmin
95%
Changbin
92%
No matching quizzes found
Score Distribution
Percent of People with Each Score
Percentile by Number Answered
Your Score History
You have not taken this quiz